The Essence of Hinduism (Record no. 20313)
[ view plain ]
| 000 -LEADER | |
|---|---|
| fixed length control field | 00312nam a22001337a 4500 |
| 020 ## - INTERNATIONAL STANDARD BOOK NUMBER | |
| ISBN | 978-81-203-2140-3 |
| 082 ## - DEWEY DECIMAL CLASSIFICATION NUMBER | |
| Classification number | 294.52 BAS |
| 100 ## - MAIN ENTRY--AUTHOR NAME | |
| Author name | Basu, Durga Das |
| 245 ## - TITLE STATEMENT | |
| Title | The Essence of Hinduism |
| 260 ## - PUBLICATION, DISTRIBUTION, ETC. (IMPRINT) | |
| Place of publication | Delhi |
| Name of publisher | PHI Learnin Private Lit. |
| 300 ## - PHYSICAL DESCRIPTION | |
| Number of Pages | 131 |
| 650 ## - SUBJECT ADDED ENTRY--TOPICAL TERM | |
| Topical Term | Hindinism- Doctrines |
| 942 ## - ADDED ENTRY ELEMENTS (KOHA) | |
| Koha item type | Books |
| Home library | Current library | Date acquired | Source of acquisition | Cost, normal purchase price | Full call number | Accession Number | Koha item type |
|---|---|---|---|---|---|---|---|
| Henry Martyn Institute Library | Henry Martyn Institute Library | 02/27/2017 | amazon | 250.00 | 294.52 BAS | 25167 | Books |
